Fremdenverkehrsstatistik Sommersaison 1980

Guardado en:
Detalles Bibliográficos
Formato: Libro
Lenguaje:alemán
Publicado: Vaduz Amt für Volkswirtschaft 1980
Etiquetas: Agregar Etiqueta
Sin Etiquetas, Sea el primero en etiquetar este registro!

MARC

LEADER 00000nam a2200000 4500
001 c142695
005 20251217105806.2
041 0 |a ger 
044 |a LI 
245 1 0 |a Fremdenverkehrsstatistik  |b Sommersaison 1980 
264 1 |a Vaduz  |b Amt für Volkswirtschaft  |c 1980 
300 |a 25 s.